Govt. of
Madhya Pradesh

Indian Government And Politics (Record no. 65392)

MARC details
000 -LEADER
fixed length control field 00262nam a22001097a 4500
082 ## - DEWEY DECIMAL CLASSIFICATION NUMBER
Classification number 320/SUB
100 ## - MAIN ENTRY--AUTHOR NAME
Personal name Subramaniam,N
245 ## - TITLE STATEMENT
Title Indian Government And Politics
260 ## - PUBLICATION, DISTRIBUTION, ETC. (IMPRINT)
Place of publication Delhi
Name of publisher N.K.Pub.
Year of publication 2019
650 ## - SUBJECT ADDED ENTRY--TOPICAL TERM
Topical Term Pilitical Science
942 ## - ADDED ENTRY ELEMENTS (KOHA)
Koha item type Books
Holdings
Withdrawn status Lost status Damaged status Not for loan Home library Current library Date acquired Cost, normal purchase price Full call number Accession Number Price effective from Koha item type
        MACL MACL 12/10/2022 825.00 320/SUB CRE040129 12/10/2022 Books